Movies Quiz

Random Movies or Actor Quiz
Score 0/8 Timer 01:00
0 Plays Today
% Correct
Milla Jovovich
96.1%
Bruce Willis
95.3%
Gary Oldman
93.8%
Chris Tucker
87.4%
Ian Holm
73.2%
Tommy 'Tiny' Lister
58.8%
Charlie Creed-Miles
57.7%
Brion James
44.4%

You're not logged in!

Compare scores with friends on all Sporcle quizzes.
OR
Log In

Sporcle TV

Today on Sporcle TV


Watch our educational content, quiz creation guides, and fun videos on Sporcle TV.

Show Comments

Extras

Top Quizzes Today


Score Distribution

Paid Content

Your Account Isn't Verified!

In order to create a playlist on Sporcle, you need to verify the email address you used during registration. Go to your Sporcle Settings to finish the process.

Report this User

Report this user for behavior that violates our Community Guidelines.

Details: